Optimum currency area theory - a critical view

Teória optimálnej menovej oblasti (OCA - optimum currency area). Robert Mundell a OCA. Vývoj teórie optimálnej menovej oblasti. Mundellove pre a proti menovej únii. Politická integrácia a menová únia.

Salvato in:
Dettagli Bibliografici
Autore principale: Muchová, Eva, 1961-
Natura: Capitolo di libro
Lingua:inglese
Soggetti:
Tags: Aggiungi Tag
Nessun Tag, puoi essere il primo ad aggiungerne!!

MARC

LEADER 00000naa$a2200000$$$4500
001 0156755
005 20240702112157.5
041 0 |a eng 
044 |a LV 
245 1 0 |a Optimum currency area theory - a critical view  |c Eva Muchová 
520 |a Teória optimálnej menovej oblasti (OCA - optimum currency area). Robert Mundell a OCA. Vývoj teórie optimálnej menovej oblasti. Mundellove pre a proti menovej únii. Politická integrácia a menová únia. 
610 2 0 |a oblasti menové 
610 2 0 |a únie menové 
610 2 0 |a Európska menová únia 
610 2 0 |a analýzy 
610 2 0 |a kritika 
100 1 |a Muchová, Eva, 1961-